Online
Catalog

La confesión de Don Juan / (Record no. 43298)

MARC details
000 -CABECERA
campo de control de longitud fija 00638nam a2200193 a 4500
001 - NÚMERO DE CONTROL
campo de control 000043809
005 - FECHA Y HORA DE LA ÚLTIMA TRANSACCIÓN
campo de control 20201002044959.0
008 - DATOS DE LONGITUD FIJA--INFORMACIÓN GENERAL
campo de control de longitud fija 140506s1992 sp 000 0 spa d
020 ## - NÚMERO INTERNACIONAL ESTÁNDAR DEL LIBRO
Número Internacional Estándar del Libro 8479692995
040 ## - FUENTE DE LA CATALOGACIÓN
Centro catalogador/agencia de origen DO-SdBNP
Lengua de catalogación spa
Centro/agencia transcriptor BNPHU
082 ## - NÚMERO DE LA CLASIFICACIÓN DECIMAL DEWEY
Número de clasificación xxxx
Número de documento/Ítem xxxx
100 1# - ENTRADA PRINCIPAL--NOMBRE DE PERSONA
Nombre de persona Capek, Karel
9 (RLIN) 47203
245 13 - MENCIÓN DE TÍTULO
Título La confesión de Don Juan /
Mención de responsabilidad, etc. Karel Capek; traducción Ana Orozco de Falbr.
260 ## - PUBLICACIÓN, DISTRIBUCIÓN, ETC.
Lugar de publicación, distribución, etc. [Madrid] :
Nombre del editor, distribuidor, etc. Compañía Europea de Comunicación e Información,
Fecha de publicación, distribución, etc. 1992.
300 ## - DESCRIPCIÓN FÍSICA
Extensión 93 p. ;
Dimensiones 19 cm.
490 1# - MENCIÓN DE SERIE
Mención de serie Biblioteca de El sol
Designación de volumen o secuencia 264
700 12 - PUNTO DE ACCESO ADICIONAL--NOMBRE DE PERSONA
Nombre de persona Orozco de Falbr, Ana
Término indicativo de función/relación tr.
9 (RLIN) 71647
830 #0 - PUNTO DE ACCESO ADICIONAL DE SERIE-TÍTULO UNIFORME
Título uniforme Biblioteca de El sol ;
Designación de volumen o secuencia 264
9 (RLIN) 70009
Holdings
Estado de retiro Estado de pérdida Restricciones de uso No para préstamo Código de colección Localización permanente Ubicación/localización actual Ubicación en estantería Fecha de adquisición Número de inventario Total de préstamos Signatura topográfica completa Código de barras Fecha visto por última vez Precio válido a partir de Tipo de ítem Koha
      Excluido de préstamo Monografías: Libros y Folletos General General En catalogación 06.05.2014 LF1   xxxx xxxx 43809-10 25.06.2020 25.06.2020 No se presta

Powered by Koha